| 000 | 00418pam a2200157 a 4500 | ||
|---|---|---|---|
| 020 | _c | ||
| 041 | _h | ||
| 082 |
_a618.2 _bCRE/RES |
||
| 100 | _aCREASY R.K, RESHIK R LAMS J. D. | ||
| 245 |
_aCREASY AND RESNIK`S MATERNAL-FETAL MEDICINE: PRIN & PRACTICE + ONLINE _hTextual Documents |
||
| 250 | _a6 ED. | ||
| 260 |
_bSAUNDERS, ELSEVIER _c2009 |
||
| 300 |
_aXVII.,1282: _eHB. |
||
| 930 | _a4439 | ||
| 999 |
_c798970 _d798970 |
||
| 650 | _aOBST.GYNE | ||